Sports Quiz

Random Sports or Baseball Quiz

MLB Spring Training Quiz Stats

 Plays Quiz Retired Jul 7, 2021

Support Sporcle.
Go Orange.
Score 0/30 Timer 06:00
0 Plays Today
League Location (City) % Correct
Grapefruit LeagueTampa
75.2%
Cactus LeaguePhoenix
73.5%
Cactus LeagueMesa
68.3%
Grapefruit LeagueNorth Port
64.9%
Cactus LeagueSalt River Pima–Maricopa Indian Community
44.1%
Cactus LeagueSalt River Pima–Maricopa Indian Community
44.1%
Cactus LeagueTempe
43.7%
Cactus LeagueScottsdale
41.9%
Cactus LeagueMesa
39.4%
Grapefruit LeagueFt. Myers
39.3%
Grapefruit LeagueFt. Myers
39.3%
Grapefruit LeagueSarasota
37.5%
Cactus LeagueGlendale
36.1%
Cactus LeagueGlendale
35.9%
Grapefruit LeagueClearwater
34.5%
League Location (City) % Correct
Grapefruit LeagueJupiter
30.2%
Grapefruit LeagueJupiter
30.2%
Grapefruit LeaguePort St. Lucie
29.5%
Grapefruit LeagueLakeland
25%
Grapefruit LeagueWest Palm Beach
23.7%
Cactus LeagueSurprise
22.2%
Cactus LeagueSurprise
22.2%
Grapefruit LeagueDunedin
22.2%
Grapefruit LeagueBradenton
22.2%
Cactus LeaguePeoria
20.8%
Cactus LeaguePeoria
20.8%
Cactus LeagueGoodyear
15.5%
Grapefruit LeagueWest Palm Beach
14.7%
Grapefruit LeaguePort Charlotte
11.9%
Cactus LeagueGoodyear
11.3%

From the Vault

Movie Word Quintets XXIII

by Larryholmes79

Movies 8m
You'll be amazed at how many movies have 'Glory' or 'Fish' in the title.
Remove Ads.
Support Sporcle.
Get the best of Sporcle when you Go Orange. This ad-free experience offers more features, more stats, and more fun while also helping to support Sporcle. Thank you for becoming a member.

Show Comments

Extras

Top Quizzes Today


Score Distribution

Your Account Isn't Verified!

In order to create a playlist on Sporcle, you need to verify the email address you used during registration. Go to your Sporcle Settings to finish the process.

Report this User

Report this user for behavior that violates our Community Guidelines.

Details: